000 00768nam a2200217Ii 4500
003 JO-AjNU
008 230605s9999||||xx |||||||||||||| ||und||
017 _a2010
040 _aJO-AjNU
_bara
_erda
_cJO-AjNU
041 _aara
050 1 4 _aHF5415.13 .A4224.2010
100 3 _aالعلاق،بشير/قحطان العبدلي,
_eauthor
_933292
245 0 0 _aاستراتيجيات التسويق=Marketing Strategies
250 _aط1
264 3 1 _aعمان:دار زهران للنشر والتوزيع؛2010
300 _a300ص
_bيحتوي على ببلوغرافية من ص295-300ص
336 _atext
_btxt
_2rdacontent
337 _aunmediated
_bn
_2rdamedia
338 _avolume
_bnc
_2rdacarrier
650 4 _aاستراتيجيات التسويق
_933293
999 _aA13536
_c17104
_d17104